000 00316nam a2200133Ia 4500
005 20251222144839.0
008 251222s9999||||xx |||||||||||||| ||spa||
082 _a363.106/Y49
100 _aYépeZ Dávalos, Enrique
245 0 _aSeguridad Ciudana
250 _a1ra.ed.
264 _bInstituto Legal
942 _cLIB
999 _c21155
_d21155